|
|
|
|
| LEADER |
00000cam a2200000 a 4500 |
| 001 |
vtls010355351 |
| 003 |
SK-MaSNL |
| 005 |
20260426003625.0 |
| 008 |
120503s2012 xr da g 000 0 cze |
| 020 |
|
|
|a 9788026200901
|q (brož.)
|
| 040 |
|
|
|a SNK
|b slo
|c SNK
|e AACR2
|
| 041 |
0 |
|
|a cze
|
| 043 |
|
|
|a e-xr---
|
| 044 |
|
|
|a xr
|c CZ
|
| 072 |
|
7 |
|a 364
|x Sociálne problémy vyžadujúce podporu a pomoc. Sociálne zabezpečenie
|2 konspekt
|
| 072 |
|
7 |
|a 364-1/-7
|x Druhy sociálnej pomoci a služieb
|2 konspekt
|
| 080 |
|
|
|a 364.682.42
|2 2001
|
| 080 |
|
|
|a 364.682.42-051
|2 2001
|
| 080 |
|
|
|a 364-7
|2 2001
|
| 080 |
|
|
|a 364-43-787
|2 2001
|
| 080 |
|
|
|a (048.8:082)
|2 2001
|
| 100 |
1 |
|
|a Marek, Jakub,
|d 1981-
|4 aut
|9 234561
|
| 245 |
1 |
0 |
|a Bezdomovectví
|b v kontextu ambulantních sociálních služeb
|c Jakub Marek, Aleš Strnad, Lucie Hotovcová
|
| 250 |
|
|
|a 1.vyd.
|
| 260 |
|
|
|a Praha
|b Portál
|c 2012
|
| 300 |
|
|
|a 175 s.
|b grafy, ilustr.
|c 23 cm
|
| 650 |
0 |
7 |
|a bezdomovectvo
|2 SNKPH
|9 92743
|
| 650 |
0 |
7 |
|a sociálne aspekty
|2 SNKPH
|9 3878
|
| 650 |
0 |
7 |
|a bezdomovci
|2 SNKPH
|9 23044
|
| 650 |
0 |
7 |
|a sociálne služby
|2 SNKPH
|9 3721
|
| 650 |
0 |
7 |
|a terénni sociálni pracovníci
|2 SNKPH
|9 81709
|
| 650 |
0 |
7 |
|a Homelessness
|2 SNKPHeng
|9 325583
|
| 650 |
0 |
7 |
|a Homeless persons
|2 SNKPHeng
|9 267885
|
| 650 |
0 |
7 |
|a Social service
|2 SNKPHeng
|9 267835
|
| 650 |
0 |
7 |
|a Field social workers
|2 SNKPHeng
|9 443449
|
| 651 |
|
7 |
|a Česko
|2 SNKPHgeo
|9 16753
|
| 651 |
|
7 |
|a Czechia
|2 SNKPHeng
|9 170107
|
| 655 |
|
7 |
|a kolektívne monografie
|2 SNKPH
|9 249850
|
| 655 |
|
7 |
|a Collective monographs
|2 SNKPHeng
|9 125747
|
| 700 |
1 |
|
|a Strnad, Aleš
|4 aut
|9 618601
|
| 700 |
1 |
|
|a Hotovcová, Lucie
|4 aut
|9 618602
|
| 852 |
|
|
|a Slovenská národná knižnica
|
| 919 |
|
|
|a 978-80-262-0090-1
|
| 999 |
|
|
|c 950278
|d 952208
|
| 952 |
|
|
|t snkMAR 364.6
|a SNKUST
|b SNKUST
|y PREZ
|7 0
|p 17A1053883
|o snkIC 140382
|i snk2012/20238
|8 4
|g 13.19
|3 Knihy z depozitu SNK
|0 0
|1 0
|4 0
|d 2012-08-27
|l 0
|r 2025-03-20 00:00:00
|w 2026-02-24
|